LEADER 02034nam a2200373 i 4500 001 000000035626 003 CaOOAMICUS 005 20141113000000.0 008 141113s1970 it u000 u ita u 013 $a4104 040 $aSeMil$bita 240 14$aThe global partnership : international agencies and economic.$0(OLS)http://semarc/title/48906 245 10$aPartnership per lo sviluppo :$borganizzazioni, istituti, agenzie /$ca cura di Richard N. Gardner e Max F. Millikan. 260 $aBologna :$bIl Mulino,$c1970. 300 $a310 p. ;$c22 cm. 490 0 $aQuaderni dell'Istituto affari internazionali ;$v12. 500 $aContiene : Appendici. 650 4$aEconomia.$0(OLS)http://semarc/subject/854 700 1 $aMillikan, Max F.$0(OLS)http://semarc/name/16653 700 1 $aGardner, Richard N.$0(OLS)http://semarc/name/16652 774 0 $aKotsching, Walter M.$tNazioni Unite come strumento per lo sviluppo economico e socia Quaderni dell'Istituto Affari Internazionali ; 12.).$w()301688 774 0 $aEvans, John W.$tAccordo generale sulle tariffe doganali e il commercio.$w()301689 774 0 $aBernstein, Edward M.$tFondo monetario internazionale.$w()301690 774 0 $aBlough, Roy$tGruppo della banca mondiale.$w()301691 774 0 $aBloch, Henry S.$tFinanziamento regionale dello sviluppo.$w()301692 774 0 $aMathiasen, Karl <3.>$tAssistenza tecnica multilaterale.$w()301693 774 0 $aOhlin, Goran$tOrganizzazione per la cooperazione e lo sviluppo economico.$w()301694 774 0 $aTinbergen, Jan$tPer un programma mondiale di sviluppo.$w()301695 830 0$aQuaderni dell'Istituto affari internazionali ;$v12.$0(OLS)http://semarc/title/42112 850 $aSeMil 852 $aSeMil$W1$xVenegono$y1$m3M V 141$j1781$B1781$CSeMilBibl$Z2$F1781 $81 961 $aOmaggio: Agenzia internazionale 996 $6245$aPartnership per lo sviluppo :$borganizzazioni, istituti, agenzie$9(OLS)http://semarc/title/48905 996 $6260$aBologna :$bIl Mulino$9(OLS)http://semarc/publisher/29842 LEADER 00993nam a2200241 i 4500 001 000000074088 003 CaOOAMICUS 005 20070407000000.0 008 070407s1967 it u000 u ita u 013 $a45260 040 $aSeMil$bita 100 1 $aSozzi, Giuseppe.$0(OLS)http://semarc/name/36773 245 10$aGabriele d'Annunzio nella vita e nell'arte /$cGiuseppe Sozzi. 260 $aFirenze :$bLa Nuova Italia,$cstampa 1967 (copyr. 1964) 300 $a325 p. ;$c20 cm. 490 0 $aCollana critica ;$v76 500 $aContiene : Appendice bibliografica. 600 14$aD'Annunzio, Gabriele <1863-1938>.$0(OLS)http://semarc/subject/2333 830 0$aCollana critica ;$v76.$0(OLS)http://semarc/title/14466 850 $aSeMil 852 $aSeMil$W1$xVenegono$y1$m1B IV 31$j40240$B40240$CSeMilBibl$Z2$F40244 $81 996 $6245$aGabriele d'Annunzio nella vita e nell'arte$9(OLS)http://semarc/title/120200 996 $6260$aFirenze :$bLa Nuova Italia$9(OLS)http://semarc/publisher/30055